|
|
|
|
| LEADER |
01338nam a2200373Ia 4500 |
| 001 |
EBC165698 |
| 003 |
MiAaPQ |
| 005 |
20200520144314.0 |
| 006 |
m o d | |
| 007 |
cr cn||||||||| |
| 008 |
850121s1984 enkb sb 000 0 eng d |
| 020 |
|
|
|z 0203010930
|
| 020 |
|
|
|z 0416374204 (pbk)
|
| 035 |
|
|
|a (MiAaPQ)EBC165698
|
| 035 |
|
|
|a (Au-PeEL)EBL165698
|
| 035 |
|
|
|a (CaPaEBR)ebr10060884
|
| 035 |
|
|
|a (CaONFJC)MIL277736
|
| 035 |
|
|
|a (OCoLC)60565002
|
| 040 |
|
|
|a MiAaPQ
|c MiAaPQ
|d MiAaPQ
|
| 050 |
|
4 |
|a HD625
|b .W56 1984
|
| 082 |
0 |
4 |
|a 333.3/23/09415
|2 19
|
| 100 |
1 |
|
|a Winstanley, Michael J.,
|d 1949-
|
| 245 |
1 |
0 |
|a Ireland and the land question 1800-1922
|h [electronic resource] /
|c Michael J. Winstanley.
|
| 260 |
|
|
|a London :
|b Methuen,
|c 1984.
|
| 300 |
|
|
|a xii, 47 p. :
|b maps.
|
| 490 |
1 |
|
|a Lancaster pamphlets
|
| 504 |
|
|
|a Includes bibliographical references.
|
| 533 |
|
|
|a Electronic reproduction. Ann Arbor, MI : ProQuest, 2015. Available via World Wide Web. Access may be limited to ProQuest affiliated libraries.
|
| 650 |
|
0 |
|a Land tenure
|z Ireland
|x History.
|
| 650 |
|
0 |
|a Land tenure
|x Political aspects
|z Ireland.
|
| 655 |
|
4 |
|a Electronic books.
|
| 710 |
2 |
|
|a ProQuest (Firm)
|
| 830 |
|
0 |
|a Lancaster pamphlets.
|
| 856 |
4 |
0 |
|u https://ebookcentral.proquest.com/lib/matrademy/detail.action?docID=165698
|z Click to View
|